000 00618nam a2200205Ia 4500
003 GCL
008 140319s9999 xx 000 0 ara d
040 _aGCL /
_cGCL
082 0 4 _a818.03
_bى و
100 1 _aيوسف عزالدين
245 1 0 _aوعادت الذكرى بطرائفها وغرائبها /
_cيوسف عزالدين
260 _a[S.N] :
_bدار الابداع الحديث ،
_c1989
300 _a425 ص
490 _a
650 0 4 _aالادب العربى
650 0 4 _aالمذكرات
650 0 4 _aالتراجم الذاتية
650 0 4 _aيوسف عزالدين
942 _2ddc
_cBK
999 _c29404
_d29404